Geography Quiz

Random Geography or City Quiz

California 100 000 Cities Quiz Stats

 Plays Quiz not verified by Sporcle

Score 0/71 Timer 17:00
0 Plays Today
% Correct
1.Los Angeles
98.7%
4.San Francisco
98.4%
2.San Diego
97.8%
6.Sacramento
96.6%
3.San Jose
96.4%
8.Oakland
94.5%
5.Fresno
91%
10.Anaheim
89.2%
7.Long Beach
86.7%
9.Bakersfield
86.4%
12.Riverside
83.5%
11.Santa Ana
80%
17.San Bernardino
78.6%
13.Stockton
78.2%
15.Irvine
76.1%
40.Pasadena
71.1%
14.Chula Vista
70.3%
18.Modesto
70%
22.Huntington Beach
67.9%
16.Fremont
67.6%
19.Oxnard
67.3%
48.Santa Clara
66.6%
51.Berkeley
66.2%
28.Santa Rosa
65%
41.Orange
64.8%
23.Glendale
64.2%
24.Santa Clarita
63.5%
26.Oceanside
60.7%
29.Ontario
59.5%
34.Salinas
59.4%
58.San Buenaventura
58.7%
27.Rancho Cucamonga
57.7%
66.Burbank
56.6%
32.Lancaster
56.3%
20.Fontana
55.5%
43.Thousand Oaks
55.3%
% Correct
33.Palmdale
55.2%
36.Pomona
54.8%
37.Escondido
54%
50.Vallejo
53.5%
42.Fullerton
53.2%
39.Torrance
52.9%
21.Moreno Valley
52.6%
30.Elk Grove
51.6%
61.Richmond
51.6%
31.Corona
51.3%
25.Garden Grove
51.2%
35.Hayward
50.7%
56.Inglewood
50.5%
65.Daly City
50.5%
38.Sunnyvale
50.1%
69.San Mateo
50.1%
47.Simi Valley
50%
55.Carlsbad
49.3%
67.Santa Maria
49.2%
44.Visalia
48.6%
45.Roseville
47%
46.Concord
45.8%
59.Temecula
45.8%
68.El Cajon
45.6%
49.Victorville
44.5%
57.Fairfield
44.5%
52.El Monte
43.9%
60.Antioch
43.9%
62.West Covina
43.8%
54.Costa Mesa
43.4%
53.Downey
41.7%
64.Norwalk
38.2%
71.Clovis
37.5%
70.Rialto
35.5%
63.Murrieta
33.5%

You're not logged in!

Compare scores with friends on all Sporcle quizzes.
OR
Log In

Show Comments

Extras

Top Quizzes Today


Score Distribution

Your Account Isn't Verified!

In order to create a playlist on Sporcle, you need to verify the email address you used during registration. Go to your Sporcle Settings to finish the process.

Report this User

Report this user for behavior that violates our Community Guidelines.

Details: